| 000 | 01383nam a2200373 a 4500 | ||
|---|---|---|---|
| 001 | 000113528 | ||
| 003 | CHAP | ||
| 005 | 20220329144359.0 | ||
| 008 | 170731s2016 mx sm |||||||spa d | ||
| 010 | _a109989 | ||
| 011 | _a110961 | ||
| 040 | _cCHAP | ||
| 090 | _aTesis | ||
| 100 | 1 |
_aAudate, Eder. _9132854 |
|
| 245 | 1 | 0 |
_aDiagnóstico nutrimental de tres sistemasagroforestales de coffea arabica L. bajo sombra Veracruz, México _h[En línea] _cpor Eder Audate. |
| 260 |
_aChapingo, Méx. : _bEl autor, _c2016. |
||
| 500 | _aPara ver el contenido del material haga clic en la liga | ||
| 502 | _aTesis (M.C. en Agroforestería para el Desarrollo Sostenible) -- UACH. Departamento de Enseñanza Investigación en Suelos | ||
| 590 |
_aBATCH-UPD _b00 _c20190821 _lUCH01 _h1439 |
||
| 590 |
_aBATCH-UPD _b00 _c20190821 _lUCH01 _h1439 |
||
| 590 |
_aBATCH _b00 _c20181121 _lUCH01 _h0758 |
||
| 590 |
_aE5765TAJ _b05 _c20170731 _lUCH01 _h1215 |
||
| 590 |
_aE5765TAJ _b05 _c20170731 _lUCH01 _h1215 |
||
| 650 | 1 | 4 |
_aCafé _xRendimiento. _917196 |
| 650 | 1 | 4 |
_aDiagnóstico foliar. _932394 |
| 650 | 1 | 4 |
_aFertilizantes _xEfecto en café. _940484 |
| 650 | 1 | 4 |
_aSombra _xEfecto en café. _9108537 |
| 650 | 1 | 4 |
_aSuelos _xAnálisis. _9110204 |
| 856 |
_a1 _n0000599 |
||
| 856 |
_aFinding aid _uhttp://10.13.5.2/tesis/sist113528.pdf _zTeclea aquí |
||
| 901 | _aBK | ||
| 942 | _cTESIS | ||
| 942 | _n0 | ||
| 999 |
_c109989 _d109989 |
||